|
|
|
|
| LEADER |
00000nas a2200000 a 4500 |
| 001 |
vtls011832782 |
| 003 |
SK-MaSNL |
| 005 |
20260228164446.0 |
| 008 |
190108d199u199uxo ar|p 0 0slo |
| 040 |
|
|
|a SNK
|b slo
|c SNK
|e AACR2
|
| 041 |
0 |
|
|a slo
|
| 043 |
|
|
|a e-xo---
|
| 044 |
|
|
|a xo
|c SK
|
| 072 |
|
7 |
|a 33
|x Ekonómia
|2 konspekt
|
| 080 |
|
|
|a 330.34
|2 2011
|
| 080 |
|
|
|a 437.641
|2 2011
|
| 080 |
|
|
|a (048.8:083.41)
|2 2011
|
| 080 |
|
|
|a (036)
|2 2011
|
| 110 |
1 |
|
|a Slovensko.
|b Štatistický úrad.
|b Okresné oddelenie Žilina
|9 274505
|
| 245 |
1 |
0 |
|a Správa o vývoji hospodárstva v okrese Žilina za 1. štvrťrok ...
|
| 260 |
|
|
|a Žilina
|b Okresné oddelenie Štatistického úradu SR
|
| 300 |
|
|
|a zv.
|b grafy, tab.
|c 21 cm
|
| 310 |
|
|
|a 1x ročne
|
| 490 |
1 |
|
|a Bulletin
|
| 500 |
|
|
|a Popis podľa: r. 1994
|
| 500 |
|
|
|a Súčasťou názvu je označenie kalendárneho roku
|
| 650 |
0 |
7 |
|a ekonomický rozvoj
|2 SNKPH
|9 49952
|
| 651 |
|
7 |
|a Žilina (Slovensko : okres)
|2 SNKPH
|9 56327
|
| 655 |
|
7 |
|a štatistické prehľady
|2 SNKPH
|9 70689
|
| 655 |
|
7 |
|a informačné publikácie
|2 SNKPH
|9 70181
|
| 830 |
|
|
|a Bulletin
|9 274137
|
| 910 |
|
|
|a snk
|
| 999 |
|
|
|c 13682
|d 15612
|
| 952 |
|
|
|0 0
|1 0
|4 0
|7 0
|8 0
|a SNK
|b SNK
|d 2019-01-08
|i snk2019/469
|l 0
|o snkČSD 2024/I/1994
|p 17A1341895
|r 2026-02-21 22:20:28
|w 2026-02-21
|y PREZ
|
| 952 |
|
|
|0 0
|1 0
|4 0
|7 0
|8 0
|a SNK
|b SNK
|d 2019-01-08
|i snk2019/472
|l 0
|o snkČSD 2024/I/1995
|p 17A1341894
|r 2026-02-21 22:20:28
|w 2026-02-21
|y PREZ
|
| 952 |
|
|
|0 0
|1 0
|4 0
|7 0
|8 0
|a SNK
|b SNK
|d 2019-01-08
|i snk2019/474
|l 0
|o snkČSD 2024/I/1996
|p 17A1341893
|r 2026-02-21 22:20:28
|w 2026-02-21
|y PREZ
|